000 00448cam a2200181ua 4500
001 2241
008 110805n ii |||gr||||Z||||||eng
040 _cMAIN
082 _a370
100 _aBaruah, Jatin,
_eAuthor.
245 1 _aIntroduction to education
_cby Jatin Baruah
250 _a1st.
260 _aGuahati:
_bLawyers book stall,996.
300 _a573p:
_c23cm.
653 _aEducation
653 _aIntroduction to education
942 _cBK
999 _c2108
_d2108